| 000 | 01199cad a22002175a 4500 | ||
|---|---|---|---|
| 001 | L140741 | ||
| 008 | 100911e20071004xxk f s f000 0 eng d | ||
| 035 | _a(Sirsi) u140741 | ||
| 041 | 0 | _aeng | |
| 110 | 1 |
_aUnited Kingdom _bDepartment for Business, Enterprise and Regulatory Reform _95262 |
|
| 245 | 0 | 0 |
_aNew construction orders _bAugust 2007 _h[electronic resource] |
| 260 | _c2007 | ||
| 490 |
_aGNN Press Release _v(152304P) 4 October 2007 |
||
| 520 | _aReports that orders in the year to August 2007 rose 2% compared with the previous twelve months. However, orders in the three months to August 2007 fell by 3% compared with the three months to August 2006. The fall was by 8% compared to the three months to May 2007. There were decreases in the public housing, private housing and private commercial sectors. These easily outstripped a rise in the private industrial sectors. | ||
| 590 | _aKA | ||
| 650 | 2 | 4 | _aDBERR NEW CONSTRUCTION ORDERS |
| 651 | 4 |
_aGreat Britain _y1707- |
|
| 690 | _aBUILT ENVIRONMENT-CONSTRUCTION MARKET | ||
| 856 | 4 | 0 |
_uhttps://stats.bis.gov.uk/construction/neworders/200708/index.asp#Related_documents _zView the item free of charge at www.gnn.gov.uk... |
| 942 | _n0 | ||
| 999 |
_c79329 _d79329 |
||